| 000 | 00655nam a2200193Ia 4500 | ||
|---|---|---|---|
| 003 | OSt | ||
| 005 | 20260212123318.0 | ||
| 008 | 210210b2010 xxu||||| |||| 00| 0 eng d | ||
| 040 | _cAL | ||
| 041 | _aKannada | ||
| 082 | _aK894.301 MAHK | ||
| 100 |
_aMAHESHA NAYAK (R) _997300 _dಮಹೇಶ ನಾಯಕ್ (ಆರ್) |
||
| 245 |
_aKendali tengina mara mattu joyisara magalu: katha sankalana _bಕೆಂದಾಳಿ ತೆಂಗಿನ ಮರ ಮತ್ತು ಜೋಯಿಸರ ಮಗಳು : ಕಥಾ ಸಂಕಲನ |
||
| 260 |
_aMangaluru _b- _c2010 |
||
| 300 | _ax,124 | ||
| 690 |
_aKannada Fiction _997301 |
||
| 906 | _a064626 | ||
| 942 |
_2ddc _cBK |
||
| 999 |
_c142212 _d142212 |
||